Economic Development (Record no. 5876)

MARC details
000 -LEADER
fixed length control field 00381nam a2200157Ia 4500
008 - FIXED-LENGTH DATA ELEMENTS--GENERAL INFORMATION
fixed length control field 230312s9999||||xx |||||||||||||| ||und||
020 ## - INTERNATIONAL STANDARD BOOK NUMBER
International Standard Book Number 81-7758-486-8
082 ## - DEWEY DECIMAL CLASSIFICATION NUMBER
Classification number 338.9
Item number TOD-E
100 ## - MAIN ENTRY--PERSONAL NAME
Personal name Todaro,Michael.P
245 #0 - TITLE STATEMENT
Title Economic Development
260 ## - PUBLICATION, DISTRIBUTION, ETC.
Name of publisher, distributor, etc. Pearsons
Place of publication, distribution, etc. India
Date of publication, distribution, etc. 2009
300 ## - PHYSICAL DESCRIPTION
Extent 863
546 ## - LANGUAGE NOTE
Language note Eng.
650 ## - SUBJECT ADDED ENTRY--TOPICAL TERM
Topical term or geographic name entry element Economics
Form subdivision Economic Development
942 ## - ADDED ENTRY ELEMENTS (KOHA)
Koha item type BOOK
Holdings
Withdrawn status Lost status Source of classification or shelving scheme Damaged status Not for loan Home library Current library Date acquired Total Checkouts Full call number Barcode Date last seen Copy number Price effective from Koha item type
    Dewey Decimal Classification     Superior Information Resource Center (SIRC) Superior University - City Campus Superior Information Resource Center (SIRC) Superior University - City Campus 03/13/2023   338.9 TOD-E 5966 03/13/2023 2 03/13/2023 BOOK
    Dewey Decimal Classification     Superior Information Resource Center (SIRC) Superior University - City Campus Superior Information Resource Center (SIRC) Superior University - City Campus 05/02/2024   338.9 TOD-E 5967 05/02/2024 3 05/02/2024 BOOK
    Dewey Decimal Classification     Superior Information Resource Center (SIRC) Superior University - City Campus Superior Information Resource Center (SIRC) Superior University - City Campus 05/02/2024   338.9 TOD-E 5968 05/02/2024 4 05/02/2024 BOOK
    Dewey Decimal Classification     Superior Information Resource Center (SIRC) Superior University - City Campus Superior Information Resource Center (SIRC) Superior University - City Campus 05/02/2024   338.9 TOD-E 5970 05/02/2024 5 05/02/2024 BOOK
    Dewey Decimal Classification     Superior Information Resource Center (SIRC) Superior University - City Campus Superior Information Resource Center (SIRC) Superior University - City Campus 05/02/2024   338.9 TOD-E 6453 05/02/2024 1 05/02/2024 BOOK

Powered by Koha